Ajax design patterns: Creating web 2.0 sites with programming and usability patterns (Record no. 1217)

MARC details
000 -LEADER
fixed length control field 00438nam a2200145Ia 4500
008 - FIXED-LENGTH DATA ELEMENTS--GENERAL INFORMATION
fixed length control field 130318s9999 xx 000 0 und d
020 ## - INTERNATIONAL STANDARD BOOK NUMBER
International Standard Book Number 8184041578
082 ## - DEWEY DECIMAL CLASSIFICATION NUMBER
Classification number 006.76X MAH/A
100 ## - MAIN ENTRY--PERSONAL NAME
Personal name Mahemoff, Michael
245 ## - TITLE STATEMENT
Title Ajax design patterns: Creating web 2.0 sites with programming and usability patterns
260 ## - PUBLICATION, DISTRIBUTION, ETC.
Name of publisher, distributor, etc. O'Reilly/Shroff Publishers and Distributors
Place of publication, distribution, etc. Mumbai
Date of publication, distribution, etc. 2006
300 ## - PHYSICAL DESCRIPTION
Extent 635
650 ## - SUBJECT ADDED ENTRY--TOPICAL TERM
Topical term or geographic name entry element AJAX
650 ## - SUBJECT ADDED ENTRY--TOPICAL TERM
Topical term or geographic name entry element WEB 2.0
Holdings
Withdrawn status Lost status Damaged status Not for loan Collection code Home library Current library Shelving location Date acquired Cost, normal purchase price Total Checkouts Full call number Barcode Date last seen Price effective from Koha item type
        WWW/ Javascript / JQuery / Ajax Kerala University of Digital Sciences, Innovation and Technology Knowledge Centre Kerala University of Digital Sciences, Innovation and Technology Knowledge Centre Computer Science 18/03/2013 425.00   006.76X MAH/A 1224 18/03/2013 18/03/2013 Books